Network administrator : Netware 4.1. /

This book is about: Networking Basics; Microcomputer hardware; Designing the Network; Planning the Novell Directory Services (NDS) Directory Tree; Planning the Network File Systems...

সংরক্ষণ করুন:
গ্রন্থ-পঞ্জীর বিবরন
প্রধান লেখক: Simpson, Ted L.
অন্যান্য লেখক: Auer, David., Ciampa, Mark.
বিন্যাস: গ্রন্থ
ভাষা:English
প্রকাশিত: Cambridge, MA : Course Technology, 1997.
বিষয়গুলি:
ট্যাগগুলো: ট্যাগ যুক্ত করুন
কোনো ট্যাগ নেই, প্রথমজন হিসাবে ট্যাগ করুন!
Thư viện lưu trữ: Mạng thư viện Đại học Đà Nẵng
LEADER 01146cam a2200373 i 4500
001 000047436
003 7112
005 20030311102542.0
008 010323|1997 vm 000 eng
020 |a 0760032998 
040 |a IRC  |c IRC  |d IRC 
041 0 |a eng 
082 1 4 |a 004.6835  |b SI-T 
100 1 |a Simpson, Ted L. 
245 0 0 |a Network administrator :  |b Netware 4.1. /  |c Ted L. Simpson, David Auer, Mark Ciampa. 
260 |a Cambridge, MA :  |b Course Technology,  |c 1997. 
300 |a 862 p. :  |b ill. ;  |c 27.5cm. 
520 3 |a This book is about: Networking Basics; Microcomputer hardware; Designing the Network; Planning the Novell Directory Services (NDS) Directory Tree; Planning the Network File Systems... 
630 0 4 |a NetWare. 
630 0 4 |a Operating systems. 
650 0 4 |a Operating systems (Computers) 
650 0 4 |a NetWare. 
700 1 |a Auer, David. 
700 1 |a Ciampa, Mark. 
OWN |a DUT 
999 |a From the UDN01 
TYP |a Monograph 
TYP |a Printed language 
980 |a Mạng thư viện Đại học Đà Nẵng